<?xml version="1.0" encoding="UTF-8"?>
<collection xmlns="http://www.loc.gov/MARC21/slim">
  <record>
    <leader>00000nam  2200000   4500</leader>
    <controlfield tag="001">INLIS000000000016855</controlfield>
    <controlfield tag="005">20240301095948</controlfield>
    <datafield tag="035" ind1="#" ind2="#">
      <subfield code="a">0010-0324000002</subfield>
    </datafield>
    <controlfield tag="007">ta</controlfield>
    <controlfield tag="008">240301################|##########|#|##</controlfield>
    <datafield tag="084" ind1="#" ind2="#">
      <subfield code="a">R 017 LATSAR 2022</subfield>
    </datafield>
    <datafield tag="100" ind1=" " ind2="#">
      <subfield code="a">Sri Astuti</subfield>
    </datafield>
    <datafield tag="245" ind1="1" ind2="#">
      <subfield code="a">Telaahan Atas Persepsi Pakaian Dinas Aparatur Sipil Negara /</subfield>
      <subfield code="c">Sri Astuti</subfield>
    </datafield>
    <datafield tag="250" ind1="#" ind2="#">
      <subfield code="a">1</subfield>
    </datafield>
    <datafield tag="260" ind1="#" ind2="#">
      <subfield code="a">Jakarta :</subfield>
      <subfield code="b">Pusbangkader,</subfield>
      <subfield code="c">2022</subfield>
    </datafield>
    <datafield tag="300" ind1="#" ind2="#">
      <subfield code="a">150 halaman ;</subfield>
      <subfield code="c">30 cm</subfield>
    </datafield>
    <datafield tag="650" ind1="#" ind2="4">
      <subfield code="a">ASN</subfield>
    </datafield>
    <datafield tag="520" ind1="#" ind2="#">
      <subfield code="a">Dalam menyusun telaah terkait persepsi pakaian dinas ini, ada enam kegiatan yang akan dilakukan, yaitu : &#13;
1. Bimbingan dengan mentor mengenai penyusunan telaah persepsi pakaian dinas&#13;
2. Menyusun instrumen untuk pengumpulan data penyusunan telaahan persepsi pakaian dinas&#13;
3. Mengajukan izin penelitian dan permintaan data kepada pihak terkait &#13;
4. Melaksanaan survei persepsi pakaian dinas&#13;
5. Mengolah data hasil survei persepsi pakaian dinas&#13;
6. Menyusun telahaan persepsi atas pakaian dinas</subfield>
    </datafield>
    <datafield tag="856" ind1="#" ind2="#">
      <subfield code="a">Perpustakaan LAN Pusat</subfield>
    </datafield>
    <datafield tag="990" ind1="#" ind2="#">
      <subfield code="a">23.11.017</subfield>
    </datafield>
  </record>
</collection>
